Řeč komunistické moci /
Kniha věnovaná sémantickému rozboru komunistického jazyka zahrnuje tři texty.
Uloženo v:
| Hlavní autor: | |
|---|---|
| Médium: | E-kniha |
| Jazyk: | Czech |
| Vydáno: |
Praha :
Triáda,
1998
|
| Vydání: | 1. vydání |
| Edice: | Paprsek (Triáda)
|
| Témata: | |
| Tagy: |
Žádné tagy |
| LEADER | 02890cam a2200625 i 4500 | ||
|---|---|---|---|
| 001 | 305893 | ||
| 003 | CZ PrSKC | ||
| 005 | 20260601215541.0 | ||
| 008 | 980317s1998 xr r 0|0 0 cze d | ||
| 015 | |a cnb000298300 | ||
| 020 | |a 8086138038 |q (brožováno) |z 80-86158-05-8 | ||
| 035 | |a (OCoLC)40576950 | ||
| 040 | |a ABD103 |b cze |c ABD103 |d ABD103 |d ABD107 |d ABD064 |d ABD027 |d ABD001 |e rda | ||
| 043 | |a e-xr--- | ||
| 045 | |a x7x8 | ||
| 072 | 7 | |a 32 |x Politika |2 Konspekt | |
| 080 | |a 321.64 |2 MRF | ||
| 080 | |a 81'2/'44 |2 MRF | ||
| 080 | |a 801.73 |2 MRF | ||
| 080 | |a 81'42 |2 MRF | ||
| 080 | |a 32.019.5:329.15 |2 MRF | ||
| 080 | |a 321.74 |2 MRF | ||
| 080 | |a 141.82 |2 MRF | ||
| 080 | |a (048.8) |2 MRF | ||
| 080 | |a (081) |2 MRF | ||
| 100 | 1 | |a Fidelius, Petr, |d 1948- |7 jn19981228073 |4 aut | |
| 240 | 1 | 0 | |a Řeč komunistické moci |
| 245 | 1 | 0 | |a Řeč komunistické moci / |c Petr Fidelius |
| 250 | |a 1. vydání | ||
| 264 | 1 | |a Praha : |b Triáda, |c 1998 | |
| 300 | |a 216 stran ; |c 19 cm | ||
| 336 | |a text |b txt |2 rdacontent | ||
| 337 | |a bez média |b n |2 rdamedia | ||
| 338 | |a svazek |b nc |2 rdacarrier | ||
| 490 | 1 | |a Paprsek ; |v 2. svazek | |
| 500 | |a Dotisk v roce 2002 | ||
| 500 | |a Obsahuje texty: Lid, demokracie, socialismus, Pohádka o Stalinovi, Zrcadlo komunistické moci | ||
| 520 | 2 | |a Kniha věnovaná sémantickému rozboru komunistického jazyka zahrnuje tři texty. | |
| 520 | 2 | |a První dvě studie předkládané publikace byly pojaty do exilového vydání autorových prací v souboru Jazyk a moc (Mnichov 1983), kde byly publikovány texty: Lid, demokracie, socialismus a Pohádka o Stalinovi. Autor zkoumá obsah základních pojmů v úvodnících a pojmů v projevech publikovaných v Rudém právu, jaký mají smysl, jak funguje taková totalitní řeč v komunistickém provedení, jaký obraz světa přináší. Poslední studií je Zrcadlo komunistické řeči (1989). 9.2.1998 I.H. | |
| 650 | 0 | 7 | |a totalitarismus |7 ph116467 |2 czenas |
| 650 | 0 | 7 | |a textová analýza |7 ph126628 |2 czenas |
| 650 | 0 | 7 | |a jazyková analýza |7 ph137981 |2 czenas |
| 650 | 0 | 7 | |a komunistická propaganda |7 ph135344 |2 czenas |
| 650 | 0 | 7 | |a komunistický režim |7 ph114960 |2 czenas |
| 650 | 0 | 7 | |a komunismus |7 ph114959 |2 czenas |
| 650 | 0 | 7 | |a jazykové aspekty |7 ph137614 |2 czenas |
| 651 | 7 | |a Česko |7 ge128065 |2 czenas | |
| 655 | 7 | |a studie |7 fd133597 |2 czenas | |
| 655 | 7 | |a sborníky |7 fd724345 |2 czenas | |
| 830 | 0 | |a Paprsek (Triáda) | |
| 900 | |a ABD001 |b 18 | ||
| 044 | |a xr | ||
| 910 | |a RBIT002 | ||
| 998 | |d 3852 |a https://core.palmknihy.cz/api/books/3852/cover?9ghrp0 |b https://core.palmknihy.cz/api/books/3852/cover/400?sth3dt |c https://core.palmknihy.cz/api/books/3852/cover/50?1kgiwu |e |g 218 |i 9788086138039 |j https://core.palmknihy.cz/api/books/3852/preview.epub |k https://core.palmknihy.cz/api/books/3852/preview.pdf |l |q 49 |r 1 |s https://www.palmknihy.cz/kniha/3852 |t ebook |y 2012 |z 0 | ||
| 999 | |d 305891 | ||